Negation (Record no. 213200)
[ view plain ]
| 000 -LEADER | |
|---|---|
| fixed length control field | 01467nam a2200361Ia 4500 |
| 082 04 - DEWEY DECIMAL CLASSIFICATION NUMBER | |
| Classification number | 160 |
| 245 00 - TITLE STATEMENT | |
| Title | Negation |
| 260 ## - PUBLICATION, DISTRIBUTION, ETC. (IMPRINT) | |
| Place of publication | Berlin ; |
| -- | New York : |
| Name of publisher | W. de Gruyter, |
| Year of publication | 1996. |
| 300 ## - PHYSICAL DESCRIPTION | |
| Number of Pages | viii, 270 p. |
| 490 1# - SERIES STATEMENT | |
| Series statement | Perspectives in analytical philosophy = |
| -- | Perspektiven der analytischen Philosophie ; |
| 650 #0 - SUBJECT ADDED ENTRY--TOPICAL TERM | |
| Topical Term | Negation (Logic) |
| Topical Term | Judgment (Logic) |
| 700 1# - ADDED ENTRY--PERSONAL NAME | |
| Personal name | Wansing, H. |
| 856 40 - ELECTRONIC LOCATION AND ACCESS | |
| Uniform Resource Identifier | http://site.ebrary.com/lib/rucke/Doc?id=10598170 |
No items available.
